000 00672nam a2200301Ia 4500
005 20260401122258.0
008 008 250103s9999 xx 000 0 eng d
020 _a1405113987
037 _aTB
040 _aEDL
040 _beng
040 _cEDL
041 _2eng
041 _aeng
084 _a821.33 Y7-8 CAL
084 _qEDL
100 _aCallaghan, Dympna
_91233088
245 0 _aShakespeare's Sonnets
245 0 _cCallaghan, Dympna
260 _aMalden
260 _bBlackwell Publishing
260 _c2007
300 _a162p
942 _cTB
942 _h821.33 Y7-8 CAL
999 _c1846186
_d1846186